000 00822nam a22002531c 4500
001 9783525300701-nbs
008 161019s2015 gw |||| 000u ger d
020 _a9783525300701
_9978-3-525-30070-1
245 0 0 _aKommunikation im Musikleben :
_bHarmonien und Dissonanzen im 20. Jahrhundert /
_cMüller, Sven Oliver; Osterhammel, Jürgen ; Rempe, Martin
250 _a1 Aufl.
264 _aGöttingen :
_bVandenhoeck & Ruprecht,
_c2015
300 _a312 S. ; 230 x 160 mm
650 0 _aKommunikation
650 0 _aKongress
650 0 _aMusikleben
650 0 _aSoziologie
651 0 _aBerlin <2013>
700 1 _aMüller, Sven Oliver
_eHerausgeberIn
700 1 _aOsterhammel, Jürgen
_eHerausgeberIn
700 1 _aRempe, Martin
_eHerausgeberIn
942 _cMG
040 _cRU-10907106
003 RU-10907106
999 _c37806
_d37806